Resumen histórico de la fundaciòn, progresos decadencia y total extinciòn de la orden militar de los templarios
Kaydedildi:
| Materyal Türü: | Kitap |
|---|---|
| Dil: | İspanyolca |
| Baskı/Yayın Bilgisi: |
Madrid
Fuentenebro y Compañia
1807
|
| Konular: | |
| Etiketler: |
Etiketle
Etiket eklenmemiş, İlk siz ekleyin!
|
MARC
| LEADER | 00000nam a2200000 a 4500 | ||
|---|---|---|---|
| 001 | UCP8354 | ||
| 003 | CL-VaPUC | ||
| 008 | 000114e18070000SP |||||||||||||||||spa|d | ||
| 082 | 0 | 4 | |a 271.7913 |b RES |2 21 |
| 245 | 1 | 0 | |a Resumen histórico de la fundaciòn, progresos decadencia y total extinciòn de la orden militar de los templarios |
| 300 | |a 46 p | ||
| 942 | |c BK | ||
| 945 | |d 20000114 00:00:00 |a rherrera | ||
| 260 | |a Madrid |b Fuentenebro y Compañia |c 1807 | ||
| 650 | 7 | |a TEMPLARIOS |2 CL-VaPUC |9 319066 | |
| 650 | 0 | |a Historia |9 255047 | |
| 650 | 7 | |a DECADENCIA |2 CL-VaPUC |9 400479 | |
| 650 | 7 | |a EXTINCION |2 CL-VaPUC |9 375180 | |
| 583 | |a last modification |c 20000114 00:00:00 |k Rodrigo Vera | ||
| 999 | |c 285286 |d 285284 | ||
| 952 | |0 0 |1 0 |4 0 |6 271_791300000000000_RES_1807 |7 0 |8 X |9 329764 |a BIBHIS |b BIBHIS |d 2019-11-20 |i 1375873 |o 271.7913 RES 1807 |p 1375873 |r 2024-01-30 |w 2019-11-20 |y BK_X |k HIS | ||